[Event "Mauricie op"]
[Site "Trois-Rivieres CAN"]
[Date "2001.03.18"]
[Round "5"]
[White "Leriche, Felix"]
[Black "Lesiege, Alexandre"]
[Result "0-1"]
[WhiteElo "2189"]
[BlackElo "2620"]
[WhiteFideId "-1"]
[WhiteFideId "-1"]
[PlyCount "56"]
[GameId "2160767911565175"]
[EventDate "2001.03.16"]
[EventType "swiss"]
[EventRounds "5"]
[EventCountry "CAN"]
[SourceTitle "EXT 2003"]
[Source "ChessBase"]
[SourceDate "2002.11.25"]
[SourceVersion "1"]
[SourceVersionDate "2002.11.25"]
[SourceQuality "1"]

1. d4 d5 2. Nf3 Nf6 3. Bf4 e6 4. e3 c5 5. Nbd2 Be7 6. c3 O-O 7. Bd3 b6 8. Qe2 Nbd7 9. h3 Bb7 10. O-O Ne4 11. Rac1 a6 12. Bb1 Ndf6 13. Rfd1 Nxd2 14. Nxd2 cxd4 15. exd4 Rc8 16. Qd3 b5 17. Be5 g6 18. g4 Re8 19. Rf1 Bf8 20. Bh2 Ne4 21. f3 Nxd2 22. Qxd2 a5 23. Bd3 b4 24. f4 f5 25. gxf5 exf5 26. c4 dxc4 27. Bxc4+ Rxc4 28. Rxc4 Qd5 0-1

[Event "Elbow Beach Club GM-A"]
[Site "Paget Parish"]
[Date "2001.01.20"]
[Round "1"]
[White "Lesiege, Alexandre"]
[Black "Shabalov, Alexander"]
[Result "1/2-1/2"]
[WhiteElo "2582"]
[BlackElo "2570"]
[WhiteFideId "-1"]
[WhiteFideId "-1"]
[PlyCount "107"]
[GameId "1166643384586240"]
[EventDate "2001.01.20"]
[EventType "tourn"]
[EventRounds "10"]
[EventCountry "BER"]
[EventCategory "13"]
[SourceTitle "CBM 081"]
[Source "ChessBase"]
[SourceDate "2001.03.20"]
[SourceVersion "1"]
[SourceVersionDate "2001.03.20"]
[SourceQuality "1"]

1. d4 d5 2. c4 c6 3. Nf3 Nf6 4. Nc3 dxc4 5. a4 c5 6. d5 Bf5 7. e3 e6 8. Bxc4 exd5 9. Nxd5 Nc6 10. O-O Bd6 11. b3 Be4 12. Nc3 Bxf3 13. Qxf3 Be5 14. Bb2 Qd2 15. Nd1 Bxb2 16. Ra2 O-O 17. Rxb2 Qb4 18. Rc2 Na5 19. Qe2 Rfe8 20. Nb2 Ne4 21. Nd3 Qb6 22. Bb5 Red8 23. f3 Nf6 24. Nxc5 Nd5 25. Rfc1 a6 26. Bd3 Qh6 27. Be4 Nxe3 28. Rc3 Nd5 29. Bxd5 Rxd5 30. b4 b6 31. Nxa6 Nb3 32. Re1 g6 33. Rxb3 Rd2 34. Qe3 Qxe3+ 35. Rbxe3 Rxa6 36. Ra3 Rb2 37. a5 h5 38. h4 Rxb4 39. axb6 Raxb6 40. Re2 Rxh4 41. Ra7 Kg7 42. Kf2 Rf4 43. Rae7 Rbb4 44. Rc7 Rf5 45. Rce7 Rbb5 46. Rc2 g5 47. Kg3 Rb4 48. Rce2 Kg6 49. R7e4 Rbb5 50. Kh2 Rfd5 51. Re8 f6 52. R8e6 Kf5 53. g4+ hxg4 54. fxg4+ 1/2-1/2

[Event "Elbow Beach Club GM-A"]
[Site "Paget Parish"]
[Date "2001.01.21"]
[Round "2"]
[White "Lesiege, Alexandre"]
[Black "Macieja, Bartlomiej"]
[Result "1/2-1/2"]
[WhiteElo "2582"]
[BlackElo "2578"]
[WhiteFideId "-1"]
[WhiteFideId "-1"]
[PlyCount "46"]
[GameId "1165542853791744"]
[EventDate "2001.01.20"]
[EventType "tourn"]
[EventRounds "10"]
[EventCountry "BER"]
[EventCategory "13"]
[SourceTitle "CBM 081"]
[Source "ChessBase"]
[SourceDate "2001.03.20"]
[SourceVersion "1"]
[SourceVersionDate "2001.03.20"]
[SourceQuality "1"]

1. d4 Nf6 2. c4 e6 3. Nc3 Bb4 4. e3 c5 5. Nge2 cxd4 6. exd4 O-O 7. c5 Ne4 8. Bd2 Nxd2 9. Qxd2 d6 10. a3 Bxc3 11. Nxc3 b6 12. Nb5 dxc5 13. dxc5 Bd7 14. Qd6 Bxb5 15. Bxb5 bxc5 16. O-O-O Qxd6 17. Rxd6 a6 18. Be2 Ra7 19. Rhd1 g6 20. Kc2 Kg7 21. Rb6 Kf6 22. Rdd6 Ke7 23. Bc4 h5 1/2-1/2

[Event "Elbow Beach Club GM-A"]
[Site "Paget Parish"]
[Date "2001.01.23"]
[Round "4"]
[White "Lesiege, Alexandre"]
[Black "Gershon, Alik"]
[Result "0-1"]
[WhiteElo "2582"]
[BlackElo "2540"]
[WhiteFideId "-1"]
[WhiteFideId "-1"]
[PlyCount "105"]
[GameId "1166643384602624"]
[EventDate "2001.01.20"]
[EventType "tourn"]
[EventRounds "10"]
[EventCountry "BER"]
[EventCategory "13"]
[SourceTitle "CBM 081"]
[Source "ChessBase"]
[SourceDate "2001.03.20"]
[SourceVersion "1"]
[SourceVersionDate "2001.03.20"]
[SourceQuality "1"]

1. c4 c5 2. Nf3 Nc6 3. d4 cxd4 4. Nxd4 Nf6 5. Nc3 e6 6. Ndb5 d5 7. Bf4 e5 8. cxd5 exf4 9. dxc6 bxc6 10. Qxd8+ Kxd8 11. O-O-O+ Bd7 12. Nd6 Kc7 13. Nxf7 Rg8 14. Ne5 Be6 15. g3 Nd5 16. Nxd5+ Bxd5 17. Rxd5 cxd5 18. Bg2 Bd6 19. Nd3 Rgf8 20. Bxd5 Rad8 21. Be4 Rde8 22. Bf3 g5 23. Kd2 Kb6 24. h4 g4 25. Bxg4 fxg3 26. f3 Rd8 27. Rg1 h5 28. Bxh5 Rh8 29. Bg6 Rxh4 30. Ke3 Rh6 31. Be4 Re8 32. Rg2 a5 33. b3 Ka7 34. a3 Rh1 35. b4 a4 36. f4 Rg8 37. Kf3 Rf1+ 38. Ke3 Ra1 39. Kd4 Rxa3 40. Bd5 Rg4 41. e3 Ra1 42. Ne5 Rg7 43. f5 Rf1 44. Ra2 Bxe5+ 45. Kxe5 Rg5 46. Be4 Kb6 47. Ke6 Re1 48. Kf6 Rg4 49. Bf3 Rxb4 50. e4 Rf1 51. Bg2 Rf2 52. Rxf2 gxf2 53. Ke6 0-1

[Event "Elbow Beach Club GM-A"]
[Site "Paget Parish"]
[Date "2001.01.24"]
[Round "5"]
[White "Stefansson, Hannes"]
[Black "Lesiege, Alexandre"]
[Result "1/2-1/2"]
[WhiteElo "2570"]
[BlackElo "2582"]
[WhiteFideId "-1"]
[WhiteFideId "-1"]
[PlyCount "74"]
[GameId "1165542853816320"]
[EventDate "2001.01.20"]
[EventType "tourn"]
[EventRounds "10"]
[EventCountry "BER"]
[EventCategory "13"]
[SourceTitle "CBM 081"]
[Source "ChessBase"]
[SourceDate "2001.03.20"]
[SourceVersion "1"]
[SourceVersionDate "2001.03.20"]
[SourceQuality "1"]

1. c4 c5 2. Nf3 Nc6 3. Nc3 e5 4. e3 Nf6 5. d4 cxd4 6. exd4 e4 7. Ng5 Bb4 8. d5 Ne5 9. Bd2 Qe7 10. Be2 Nd3+ 11. Kf1 O-O 12. Bxd3 exd3 13. Qf3 h6 14. Re1 Qc5 15. Nge4 Nxe4 16. Rxe4 d6 17. a3 Bxc3 18. Bxc3 f6 19. Qf4 a5 20. g4 Bd7 21. Kg2 Rae8 22. Rhe1 b5 23. b4 Qc8 24. bxa5 Rxe4 25. Rxe4 Re8 26. Rxe8+ Bxe8 27. Kf3 Bf7 28. Qxd6 Qxc4 29. Qb4 d2 30. Qxc4 d1=Q+ 31. Qe2 Bxd5+ 32. Ke3 Qc1+ 33. Kd4 Bf7 34. Bb4 Qf4+ 35. Kc3 Qc1+ 36. Kd4 Qf4+ 37. Kc3 Qc1+ 1/2-1/2

[Event "Elbow Beach Club GM-A"]
[Site "Paget Parish"]
[Date "2001.01.25"]
[Round "6"]
[White "Shabalov, Alexander"]
[Black "Lesiege, Alexandre"]
[Result "1-0"]
[WhiteElo "2570"]
[BlackElo "2582"]
[WhiteFideId "-1"]
[WhiteFideId "-1"]
[PlyCount "59"]
[GameId "1165542853820416"]
[EventDate "2001.01.20"]
[EventType "tourn"]
[EventRounds "10"]
[EventCountry "BER"]
[EventCategory "13"]
[SourceTitle "CBM 081"]
[Source "ChessBase"]
[SourceDate "2001.03.20"]
[SourceVersion "1"]
[SourceVersionDate "2001.03.20"]
[SourceQuality "1"]

1. e4 c5 2. Nf3 Nc6 3. d4 cxd4 4. Nxd4 Qc7 5. Nc3 e6 6. Be2 a6 7. O-O Nf6 8. Be3 d6 9. f4 Be7 10. Qe1 O-O 11. Qg3 Nxd4 12. Bxd4 b5 13. a3 Bb7 14. Kh1 Bc6 15. Rae1 Qb7 16. Bd3 b4 17. Nd1 bxa3 18. bxa3 Rad8 19. Nf2 d5 20. Bxf6 Bxf6 21. Ng4 Bc3 22. e5 f5 23. exf6 Bxe1 24. Rxe1 g6 25. Qh4 Rd7 26. h3 d4 27. Rxe6 Bxg2+ 28. Kh2 Bh1 29. Re2 Bf3 30. Re7 1-0

[Event "Elbow Beach Club GM-A"]
[Site "Paget Parish"]
[Date "2001.01.28"]
[Round "8"]
[White "Lesiege, Alexandre"]
[Black "Vescovi, Giovanni P"]
[Result "1/2-1/2"]
[WhiteElo "2582"]
[BlackElo "2519"]
[WhiteFideId "-1"]
[WhiteFideId "-1"]
[PlyCount "23"]
[GameId "1166643384627200"]
[EventDate "2001.01.20"]
[EventType "tourn"]
[EventRounds "10"]
[EventCountry "BER"]
[EventCategory "13"]
[SourceTitle "CBM 081"]
[Source "ChessBase"]
[SourceDate "2001.03.20"]
[SourceVersion "1"]
[SourceVersionDate "2001.03.20"]
[SourceQuality "1"]

1. d4 d5 2. c4 e6 3. Nc3 c5 4. cxd5 exd5 5. Nf3 Nc6 6. Bg5 Be7 7. Bxe7 Ngxe7 8. dxc5 d4 9. Ne4 O-O 10. g3 Qd5 11. Ned2 Qxc5 12. Bg2 1/2-1/2

[Event "Elbow Beach Club GM-A"]
[Site "Paget Parish"]
[Date "2001.01.30"]
[Round "10"]
[White "Lesiege, Alexandre"]
[Black "Stefansson, Hannes"]
[Result "1/2-1/2"]
[WhiteElo "2582"]
[BlackElo "2570"]
[WhiteFideId "-1"]
[WhiteFideId "-1"]
[PlyCount "27"]
[GameId "1166643384643584"]
[EventDate "2001.01.20"]
[EventType "tourn"]
[EventRounds "10"]
[EventCountry "BER"]
[EventCategory "13"]
[SourceTitle "CBM 081"]
[Source "ChessBase"]
[SourceDate "2001.03.20"]
[SourceVersion "1"]
[SourceVersionDate "2001.03.20"]
[SourceQuality "1"]

1. d4 Nf6 2. c4 e6 3. Nc3 Bb4 4. e3 O-O 5. Bd3 d5 6. Nf3 c5 7. O-O cxd4 8. exd4 dxc4 9. Bxc4 b6 10. Bg5 Bb7 11. Re1 Bxc3 12. bxc3 Nbd7 13. Qd2 Qc7 14. Qe2 1/2-1/2

[Event "Mermaid Beach Club GMA"]
[Site "Elbow Beach BER"]
[Date "2001.01.26"]
[Round "7"]
[White "Macieja, Bartlomiej"]
[Black "Lesiege, Alexandre"]
[Result "1-0"]
[WhiteElo "2578"]
[BlackElo "2582"]
[WhiteFideId "-1"]
[WhiteFideId "-1"]
[PlyCount "55"]
[GameId "2129405150787017"]
[EventDate "2001.01.20"]
[EventType "tourn"]
[EventRounds "10"]
[EventCountry "BER"]
[SourceTitle "The Week in Chess 325"]
[Source "Mark Crowther"]
[SourceDate "2000.01.29"]
[SourceVersion "1"]
[SourceVersionDate "2000.01.29"]
[SourceQuality "2"]

1. d4 e6 2. c4 f5 3. g3 Nf6 4. Bg2 c6 5. Nf3 d5 6. Bf4 Be7 7. O-O O-O 8. Nbd2 b6 9. Qc2 Bb7 10. Rac1 Ne4 11. Ne5 Nd7 12. cxd5 Nxe5 13. d6 Nxd6 14. dxe5 Nb5 15. Nb3 g5 16. a4 Rc8 17. Rfd1 Qe8 18. Bd2 Nc7 19. Bxc6 Bxc6 20. Qxc6 Kf7 21. Nd4 h6 22. Qb7 Nd5 23. Nxf5 Rxc1 24. Bxc1 Kg6 25. Rxd5 Rxf5 26. Rd7 Bc5 27. Rg7+ Kh5 28. g4+ 1-0

[Event "Mermaid Beach Club GMA"]
[Site "Elbow Beach BER"]
[Date "2001.01.28"]
[Round "9"]
[White "Gershon, Alik"]
[Black "Lesiege, Alexandre"]
[Result "1-0"]
[WhiteElo "2540"]
[BlackElo "2582"]
[WhiteFideId "-1"]
[WhiteFideId "-1"]
[PlyCount "111"]
[GameId "2129405150787022"]
[EventDate "2001.01.20"]
[EventType "tourn"]
[EventRounds "10"]
[EventCountry "BER"]
[SourceTitle "The Week in Chess 326"]
[Source "Mark Crowther"]
[SourceDate "2001.02.05"]
[SourceVersion "2"]
[SourceVersionDate "2001.02.05"]
[SourceQuality "2"]

1. d4 d5 2. c4 dxc4 3. e3 Nf6 4. Bxc4 e6 5. Nf3 c5 6. O-O a6 7. Bb3 cxd4 8. exd4 Nc6 9. Nc3 Be7 10. Re1 O-O 11. a3 b5 12. d5 exd5 13. Nxd5 Nxd5 14. Bxd5 Bb7 15. Ne5 Rc8 16. Nd7 Bb4 17. Qg4 h5 18. Qxh5 Bxe1 19. Bh6 Bxf2+ 20. Kxf2 Ne5 21. Bxg7 Nd3+ 22. Kg1 Kxg7 23. Qg4+ Kh6 24. Qh3+ Kg7 25. Qg3+ Kh8 26. Qh3+ Kg7 27. Bxb7 Rc7 28. Qg4+ Kh8 29. Qd4+ f6 30. Qh4+ Kg7 31. Qg4+ Kh8 32. Qh4+ Kg7 33. Nxf8 Qd6 34. Be4 Rc1+ 35. Rxc1 Nxc1 36. Bf3 Qxf8 37. Qg3+ Kh8 38. Qh3+ Kg7 39. Qg4+ Kh7 40. Qh5+ Kg7 41. Qg4+ Kh8 42. Qh3+ Kg7 43. Qd7+ Kh8 44. Be4 Qh6 45. Qe8+ Kg7 46. Qe7+ Kh8 47. Bd5 Qf4 48. Qf8+ Kh7 49. Bg8+ Kg6 50. Bf7+ Kf5 51. Qc5+ Ke4 52. Bd5+ Kf5 53. Bf7+ Ke4 54. Bg6+ f5 55. Bxf5+ Qxf5 56. Qxc1 1-0

[Event "Olympiad"]
[Site "Istanbul TUR"]
[Date "2000.10.29"]
[Round "2"]
[White "Giorgadze, Giorgi"]
[Black "Lesiege, Alexandre"]
[Result "1/2-1/2"]
[WhiteElo "2599"]
[BlackElo "2584"]
[WhiteFideId "-1"]
[WhiteFideId "-1"]
[PlyCount "64"]
[GameId "2129405153063584"]
[EventDate "2000.10.28"]
[EventType "team"]
[EventRounds "14"]
[EventCountry "TUR"]
[SourceTitle "The Week in Chess 314"]
[Source "Mark Crowther"]
[SourceDate "2000.11.13"]
[SourceVersion "1"]
[SourceVersionDate "2000.11.13"]
[SourceQuality "2"]

1. Nf3 d5 2. e3 Nf6 3. c4 e6 4. d4 dxc4 5. Bxc4 c5 6. O-O a6 7. a4 Nc6 8. Nc3 Be7 9. Qe2 Qc7 10. Rd1 O-O 11. dxc5 Bxc5 12. Bd2 Bd7 13. Be1 Rfd8 14. Rac1 Ne5 15. Nxe5 Qxe5 16. b3 Bc6 17. Rxd8+ Rxd8 18. Rd1 Rxd1 19. Qxd1 Bd6 20. g3 Ne4 21. Kf1 Be8 22. Qd4 Qxd4 23. exd4 Nf6 24. h4 Kf8 25. Ke2 h6 26. Bd2 Bb4 27. Nd1 Bxd2 28. Kxd2 Ne4+ 29. Ke3 Ke7 30. a5 Nf6 31. Nc3 Kd6 32. b4 Ng4+ 1/2-1/2

[Event "Olympiad"]
[Site "Istanbul TUR"]
[Date "2000.11.12"]
[Round "14"]
[White "El Taher, Fouad"]
[Black "Lesiege, Alexandre"]
[Result "0-1"]
[WhiteElo "2485"]
[BlackElo "2584"]
[WhiteFideId "-1"]
[WhiteFideId "-1"]
[PlyCount "122"]
[GameId "2129405153197662"]
[EventDate "2000.10.28"]
[EventType "team"]
[EventRounds "14"]
[EventCountry "TUR"]
[SourceTitle "The Week in Chess 314"]
[Source "Mark Crowther"]
[SourceDate "2000.11.13"]
[SourceVersion "1"]
[SourceVersionDate "2000.11.13"]
[SourceQuality "2"]

1. e4 c5 2. Nf3 Nc6 3. d4 cxd4 4. Nxd4 Qc7 5. Nc3 e6 6. Be2 a6 7. O-O Nf6 8. Kh1 d6 9. f4 Be7 10. Be3 O-O 11. a4 Re8 12. Qd2 Bd7 13. Nb3 b6 14. Bf3 Rab8 15. Rfd1 Bc8 16. Nd4 Bb7 17. Nxc6 Bxc6 18. Qd3 Ra8 19. Bd4 Nd7 20. Bf2 Bf8 21. Re1 Qb7 22. a5 b5 23. b4 Qc7 24. Ne2 Bb7 25. c3 Rac8 26. Rad1 e5 27. f5 Be7 28. Rc1 h6 29. Ng3 Nf6 30. Nh5 Nxh5 31. Bxh5 Qc4 32. Qb1 Bg5 33. Rcd1 Red8 34. Bb6 Rd7 35. f6 Qe6 36. fxg7 Rxc3 37. Rf1 Rc4 38. Bf3 Kxg7 39. h3 Qg6 40. Rfe1 Re7 41. Re2 Re8 42. Qd3 Rxb4 43. Qxd6 Qxd6 44. Rdd2 Qd4 45. Rxd4 Rd8 46. Rd6 Rc8 47. Rd7 Rc1+ 48. Kh2 Bc8 49. Ra7 Rb3 50. Rf2 Kg6 51. g3 Rcc3 52. Bg2 Rxg3 53. Rfxf7 Bf4 54. Kh1 Rb1+ 55. Bg1 Be3 56. Rg7+ Kh5 57. Rxg3 Rxg1+ 58. Kh2 Bxa7 59. Rg8 Be6 60. Ra8 Be3 61. Rxa6 Bc4 0-1

[Event "Olympiad-34"]
[Site "Istanbul"]
[Date "2000.10.30"]
[Round "3.1"]
[White "Lesiege, Alexandre"]
[Black "Movsesian, Sergei"]
[Result "1/2-1/2"]
[WhiteElo "2584"]
[BlackElo "2666"]
[WhiteFideId "-1"]
[WhiteFideId "-1"]
[PlyCount "97"]
[GameId "1166643070615552"]
[EventDate "2000.10.28"]
[EventType "team-swiss"]
[EventRounds "14"]
[EventCountry "TUR"]
[SourceTitle "EXT 2001"]
[Source "ChessBase"]
[SourceDate "2000.11.22"]
[SourceVersion "1"]
[SourceVersionDate "2000.11.22"]
[SourceQuality "1"]
[WhiteTeam "Canada"]
[BlackTeam "Czech Republic"]
[WhiteTeamCountry "CAN"]
[BlackTeamCountry "CZE"]

1. d4 Nf6 2. c4 g6 3. Nc3 Bg7 4. e4 d6 5. Nf3 O-O 6. Be2 Na6 7. O-O e5 8. Bg5 h6 9. Bh4 Qe8 10. Bxf6 Bxf6 11. c5 exd4 12. Nd5 Bd8 13. Bxa6 c6 14. Nf4 Qxe4 15. g3 bxa6 16. Re1 Qf5 17. Nxd4 Qd7 18. Qa4 Bb7 19. Rad1 d5 20. Nf3 Qc7 21. Qd4 Bc8 22. h4 Bf5 23. Re3 Rb8 24. Rde1 Kh7 25. h5 a5 26. a3 g5 27. Re8 Rxe8 28. Rxe8 Bf6 29. Qxf6 Rxe8 30. Qxf5+ Kg7 31. Nd3 Re6 32. Kg2 a4 33. Nb4 Qe7 34. Nd4 Re4 35. Ndxc6 Qxc5 36. Qxd5 Qxd5 37. Nxd5 Re2 38. Nxa7 Rxb2 39. Nc3 Rb3 40. Nab5 g4 41. f4 gxf3+ 42. Kxf3 f5 43. Ke3 Kf7 44. Kf4 Kf6 45. Nd5+ Ke6 46. Nb4 Kf6 47. Nd5+ Ke6 48. Nb4 Kf6 49. Nd5+ 1/2-1/2

[Event "Olympiad-34"]
[Site "Istanbul"]
[Date "2000.10.31"]
[Round "4.1"]
[White "Lesiege, Alexandre"]
[Black "Topalov, Veselin"]
[Result "1/2-1/2"]
[WhiteElo "2584"]
[BlackElo "2707"]
[WhiteFideId "-1"]
[WhiteFideId "-1"]
[PlyCount "52"]
[GameId "1166643071533056"]
[EventDate "2000.10.28"]
[EventType "team-swiss"]
[EventRounds "14"]
[EventCountry "TUR"]
[SourceTitle "EXT 2001"]
[Source "ChessBase"]
[SourceDate "2000.11.22"]
[SourceVersion "1"]
[SourceVersionDate "2000.11.22"]
[SourceQuality "1"]
[WhiteTeam "Canada"]
[BlackTeam "Bulgaria"]
[WhiteTeamCountry "CAN"]
[BlackTeamCountry "BUL"]

1. d4 Nf6 2. c4 c5 3. Nf3 cxd4 4. Nxd4 e6 5. g3 d5 6. Bg2 e5 7. Nb3 d4 8. O-O Nc6 9. Bg5 Be7 10. N1d2 O-O 11. Rc1 a5 12. Bxf6 Bxf6 13. Nc5 Bg5 14. Nce4 Bh6 15. c5 Be6 16. Nd6 f5 17. f4 e4 18. Nxb7 Qd7 19. Nd6 g6 20. N2xe4 fxe4 21. Bxe4 Rab8 22. Qa4 Nb4 23. Qxd7 Bxd7 24. a3 Nc6 25. Bd5+ Kg7 26. Nc4 g5 1/2-1/2

[Event "Olympiad-34"]
[Site "Istanbul"]
[Date "2000.11.01"]
[Round "5.1"]
[White "Handoko, Edhi"]
[Black "Lesiege, Alexandre"]
[Result "1/2-1/2"]
[WhiteElo "2435"]
[BlackElo "2584"]
[WhiteFideId "-1"]
[WhiteFideId "-1"]
[PlyCount "96"]
[GameId "1166643072462848"]
[EventDate "2000.10.28"]
[EventType "team-swiss"]
[EventRounds "14"]
[EventCountry "TUR"]
[SourceTitle "EXT 2001"]
[Source "ChessBase"]
[SourceDate "2000.11.22"]
[SourceVersion "1"]
[SourceVersionDate "2000.11.22"]
[SourceQuality "1"]
[WhiteTeam "Indonesia"]
[BlackTeam "Canada"]
[WhiteTeamCountry "INA"]
[BlackTeamCountry "CAN"]

1. e4 c5 2. c3 Nf6 3. e5 Nd5 4. d4 cxd4 5. Nf3 Nc6 6. cxd4 d6 7. Bc4 Nb6 8. Bb5 dxe5 9. Bxc6+ bxc6 10. Nxe5 Ba6 11. Nc3 e6 12. Qf3 Qc7 13. Qxc6+ Qxc6 14. Nxc6 Bb7 15. d5 exd5 16. Nd4 Ba6 17. Bd2 Rc8 18. O-O-O Bc5 19. Rhe1+ Kd7 20. Bf4 Bb4 21. Kc2 Rc4 22. Bc1 Rhc8 23. Nde2 R4c6 24. Kb1 Re6 25. Be3 Bxe2 26. Rxe2 Bxc3 27. bxc3 Rxc3 28. Red2 f6 29. Bxb6 Rxb6+ 30. Ka1 Ke6 31. Rxd5 Rc2 32. f4 f5 33. R5d2 Rxd2 34. Rxd2 Kf6 35. Rd7 a6 36. a3 h6 37. Ka2 g5 38. Rd4 Kg6 39. a4 gxf4 40. Rxf4 Kg5 41. g3 h5 42. Rd4 Re6 43. Kb3 Re4 44. Rd6 a5 45. h4+ Kg4 46. Rg6+ Kh3 47. Rg5 Rb4+ 48. Kc3 Rxa4 1/2-1/2

[Event "Olympiad-34"]
[Site "Istanbul"]
[Date "2000.11.02"]
[Round "6.1"]
[White "Lesiege, Alexandre"]
[Black "Mitkov, Nikola"]
[Result "1/2-1/2"]
[WhiteElo "2584"]
[BlackElo "2532"]
[WhiteFideId "-1"]
[WhiteFideId "-1"]
[PlyCount "76"]
[GameId "1166643073425408"]
[EventDate "2000.10.28"]
[EventType "team-swiss"]
[EventRounds "14"]
[EventCountry "TUR"]
[SourceTitle "EXT 2001"]
[Source "ChessBase"]
[SourceDate "2000.11.22"]
[SourceVersion "1"]
[SourceVersionDate "2000.11.22"]
[SourceQuality "1"]
[WhiteTeam "Canada"]
[BlackTeam "Macedonia"]
[WhiteTeamCountry "CAN"]
[BlackTeamCountry "MKD"]

1. d4 Nf6 2. c4 e6 3. Nc3 Bb4 4. Nf3 d5 5. e3 O-O 6. Bd3 Nc6 7. O-O a6 8. a3 dxc4 9. Bxc4 Bd6 10. h3 h6 11. e4 e5 12. Be3 b5 13. Ba2 Bb7 14. Re1 exd4 15. Bxd4 Nxd4 16. Qxd4 c5 17. Qd2 Re8 18. Rad1 Bc7 19. Qe3 Qe7 20. Bd5 Bxd5 21. Nxd5 Nxd5 22. Rxd5 c4 23. Nd4 Bb6 24. Nf5 Bxe3 25. Nxe7+ Rxe7 26. Rxe3 Kf8 27. a4 b4 28. Kf1 Rc7 29. Ke2 c3 30. bxc3 bxc3 31. Rd1 Rb8 32. Rc1 Rb2+ 33. Ke1 c2 34. Kd2 Ra2 35. Rc3 Rxc3 36. Kxc3 Rxa4 37. f3 Ra5 38. Kc4 Ra2 1/2-1/2

[Event "Olympiad-34"]
[Site "Istanbul"]
[Date "2000.11.04"]
[Round "7.1"]
[White "Matamoros Franco, Carlos S"]
[Black "Lesiege, Alexandre"]
[Result "0-1"]
[WhiteElo "2467"]
[BlackElo "2584"]
[WhiteFideId "-1"]
[WhiteFideId "-1"]
[PlyCount "78"]
[GameId "1166643074428928"]
[EventDate "2000.10.28"]
[EventType "team-swiss"]
[EventRounds "14"]
[EventCountry "TUR"]
[SourceTitle "EXT 2001"]
[Source "ChessBase"]
[SourceDate "2000.11.22"]
[SourceVersion "1"]
[SourceVersionDate "2000.11.22"]
[SourceQuality "1"]
[WhiteTeam "Ecuador"]
[BlackTeam "Canada"]
[WhiteTeamCountry "ECU"]
[BlackTeamCountry "CAN"]

1. c4 Nf6 2. g3 c6 3. Bg2 d5 4. Nf3 dxc4 5. O-O e6 6. a4 Na6 7. Na3 Bxa3 8. Rxa3 Nb4 9. a5 O-O 10. b3 cxb3 11. Qxb3 Na6 12. Bb2 Nd5 13. Rc1 f6 14. Ra4 Qe8 15. Rh4 Qf7 16. e4 Ne7 17. e5 Ng6 18. Rh3 Nc7 19. d4 Rd8 20. Bf1 Nd5 21. Nd2 fxe5 22. Ne4 Qf5 23. Re1 exd4 24. Qd1 e5 25. Rh5 Qf8 26. Rxh7 Kxh7 27. Qh5+ Kg8 28. Ng5 Qf6 29. Qh7+ Kf8 30. Ba3+ Ke8 31. Ne4 Qf7 32. Bc4 Bf5 33. Bxd5 Rxd5 34. Ng5 Nf8 35. Qh8 Qf6 36. f4 Kd7 37. Nf3 e4 38. Ne5+ Rxe5 39. fxe5 Qh6 0-1

[Event "Olympiad-34"]
[Site "Istanbul"]
[Date "2000.11.05"]
[Round "8.1"]
[White "Lesiege, Alexandre"]
[Black "Moldobaev, Emelbek"]
[Result "1/2-1/2"]
[WhiteElo "2584"]
[BlackElo "2404"]
[WhiteFideId "-1"]
[WhiteFideId "-1"]
[PlyCount "67"]
[GameId "1166643075346432"]
[EventDate "2000.10.28"]
[EventType "team-swiss"]
[EventRounds "14"]
[EventCountry "TUR"]
[SourceTitle "EXT 2001"]
[Source "ChessBase"]
[SourceDate "2000.11.22"]
[SourceVersion "1"]
[SourceVersionDate "2000.11.22"]
[SourceQuality "1"]
[WhiteTeam "Canada"]
[BlackTeam "Kyrgyzstan"]
[WhiteTeamCountry "CAN"]
[BlackTeamCountry "KGZ"]

1. c4 c5 2. Nf3 Nc6 3. Nc3 e5 4. g3 g6 5. Bg2 Bg7 6. O-O Nge7 7. d3 d6 8. a3 O-O 9. Rb1 a5 10. Ne1 Be6 11. Nc2 d5 12. cxd5 Nxd5 13. Ne4 b6 14. Ng5 Bc8 15. Ne3 Nxe3 16. Bxe3 Bd7 17. b4 cxb4 18. axb4 axb4 19. Qd2 Rc8 20. Rfc1 Nd4 21. Rxc8 Qxc8 22. Bxd4 exd4 23. Qxb4 Qc2 24. Bd5 h6 25. Nxf7 Rxf7 26. Qxb6 Qxe2 27. Qd8+ Be8 28. Bxf7+ Kxf7 29. Rb7+ Kf8 30. Qd6+ Kg8 31. Qd5+ Kf8 32. Qc5+ Kg8 33. Qd5+ Kf8 34. Qd6+ 1/2-1/2

[Event "Olympiad-34"]
[Site "Istanbul"]
[Date "2000.11.06"]
[Round "9.1"]
[White "Ilincic, Zlatko"]
[Black "Lesiege, Alexandre"]
[Result "0-1"]
[WhiteElo "2563"]
[BlackElo "2584"]
[WhiteFideId "-1"]
[WhiteFideId "-1"]
[PlyCount "70"]
[GameId "1165542847111168"]
[EventDate "2000.10.28"]
[EventType "team-swiss"]
[EventRounds "14"]
[EventCountry "TUR"]
[SourceTitle "EXT 2001"]
[Source "ChessBase"]
[SourceDate "2000.11.22"]
[SourceVersion "1"]
[SourceVersionDate "2000.11.22"]
[SourceQuality "1"]
[WhiteTeam "Yugoslavia"]
[BlackTeam "Canada"]
[WhiteTeamCountry "YUG"]
[BlackTeamCountry "CAN"]

1. d4 d5 2. c4 c6 3. Nf3 Nf6 4. e3 e6 5. Bd3 dxc4 6. Bxc4 c5 7. O-O a6 8. Bb3 cxd4 9. exd4 Nc6 10. Nc3 Be7 11. Bg5 O-O 12. Rc1 Na5 13. Bxf6 Bxf6 14. Ne4 b5 15. Ne5 Bb7 16. Nc5 Nxb3 17. Nxb7 Qxd4 18. Nc6 Qxd1 19. Rcxd1 Rfc8 20. Rd6 Rc7 21. axb3 Rxb7 22. Rfd1 g6 23. R1d2 a5 24. f4 Rb6 25. g4 Raa6 26. g5 Bxg5 27. fxg5 Rxc6 28. Rd8+ Kg7 29. h4 Rc5 30. R8d7 Rac6 31. Ra7 b4 32. Rd8 Rc8 33. Rdd7 Rf5 34. Rac7 Rxc7 35. Rxc7 Rf3 0-1